The new RICS/ISVA homebuyer valuation and survey (Record no. 85356)

MARC details
000 -LEADER
fixed length control field 01421cgm a2200253 4500
001 - CONTROL NUMBER
control field J86633
008 - FIXED-LENGTH DATA ELEMENTS--GENERAL INFORMATION
fixed length control field 090401t1997 xxu||||| |||| 00| 0 eng d
035 ## - SYSTEM CONTROL NUMBER
System control number (Sirsi) u81045
041 ## - LANGUAGE CODE
Language code of text/sound track or separate title eng
050 ## - LIBRARY OF CONGRESS CALL NUMBER
Classification number 333.332
-- 18
110 ## - MAIN ENTRY--CORPORATE NAME
Corporate name or jurisdiction name as entry element Television Education Network
9 (RLIN) 3468
245 #4 - TITLE STATEMENT
Title The new RICS/ISVA homebuyer valuation and survey
260 ## - PUBLICATION, DISTRIBUTION, ETC.
Place of publication, distribution, etc. London
Name of publisher, distributor, etc. Television Education Network
Date of publication, distribution, etc. 1997
300 ## - PHYSICAL DESCRIPTION
Extent 2 videocassettes (40 mins)
350 ## - PRICE (NR) (BK AM CF MU VM SE) [OBSOLETE]
Price 116
505 ## - FORMATTED CONTENTS NOTE
Formatted contents note Part 1 : discussion with two of the members of the redrafting working party, Geoff Holden and Barry Hall, looking at the background to the introduction of the new "RICS/ISVA homebuyer survey and valuation" ; highlights some of the key changes that have been introduced (15mins).
520 ## - SUMMARY, ETC.
Summary, etc. Part 2 : looks at the key changes introduced by the new format and the terms of the new standard conditions of engagement ; highlights the key considerations to take into account in order to comply with the new format when inspecting and reporting, looking in particular at the new definition and interpretation of `significant matters` and that which is `accessible` (25mins).
520 ## - SUMMARY, ETC.
Summary, etc. Superseded by "A practical guide to conducting Homebuyers' surveys" (J102979).
650 ## - SUBJECT ADDED ENTRY--TOPICAL TERM
Topical term or geographic name entry element RICS HOMEBUYER SURVEY AND VALUATION
650 ## - SUBJECT ADDED ENTRY--TOPICAL TERM
Topical term or geographic name entry element RESIDENTIAL SURVEYS
690 ## - LOCAL SUBJECT ADDED ENTRY--TOPICAL TERM (OCLC, RLIN)
Topical term or geographic name as entry element PROPERTY-PROPERTY APPRAISAL AND VALUATION
942 ## - ADDED ENTRY ELEMENTS (KOHA)
Suppress in OPAC 0
948 ## - LOCAL PROCESSING INFORMATION (OCLC); SERIES PART DESIGNATOR (RLIN)
c (OCLC) 23/09/1997
Holdings
Withdrawn status Lost status Source of classification or shelving scheme Damaged status Not for loan Home library Current library Shelving location Date acquired Cost, normal purchase price Total Checkouts Full call number Barcode Date last seen Date last checked out Copy number Cost, replacement price Price effective from Koha item type
    Dewey Decimal Classification     London London Basement 19/02/1998 116.00 6 VIDEOS 30054842 06/08/2019 17/05/2001 1 116.00 06/08/2019 Video